| 000 | 00630nam 22002173 4500 | ||
|---|---|---|---|
| 001 | 199876 | ||
| 010 | _a972-8665-12-1 | ||
| 021 |
_aPT _b171273/01 |
||
| 090 | _a199876 | ||
| 100 | _a20260113d u||y0pory50 ba | ||
| 200 |
_aArquipélagos _fDiniz Conefrey _gadaptação de dois textos de Herberto Helder |
||
| 210 |
_aAlmada _cÍman Edições _dD.L. 2001 |
||
| 215 |
_a[66] p. _cil. ; encadernado _d30 cm |
||
| 606 |
_91586 _aDesenho Artístico |
||
| 610 | _aBanda desenhada | ||
| 675 |
_a74 _vPT _zpor |
||
| 700 |
_915702 _aConefrey _bDiniz |
||
| 702 |
_93977 _aHelder _bHerberto |
||
| 801 |
_aPT _bBMMN _gRPC |
||
| 830 | _cIsabel | ||
| 990 | _cLIVROS | ||